| 000 | 01086nam a22003257a 4500 | ||
|---|---|---|---|
| 003 | CHAP | ||
| 005 | 20220329132937.0 | ||
| 008 | 971013s1989 r 00010 d | ||
| 010 | _a513 | ||
| 011 | _a1485 | ||
| 035 | _a661 | ||
| 040 | _cCHAP | ||
| 090 | _aTesis | ||
| 100 | 0 | 0 |
_aMartínez López, Alfredo. _972221 |
| 245 |
_aErosión cultural y recursos fitogenéticos _b: estudio etnobotánico en una comunidad indígena mixteca (Acaquizapan, Oax.) |
||
| 260 |
_aChapingo, Méx. : _bEl autor, _c1989 |
||
| 300 | _a202 h. | ||
| 500 | _a36-230 | ||
| 502 | _aTesis (Ing. Agrónomo Esp. en Sociología Rural) -- UACH. Departamento de Sociología Rural | ||
| 590 |
_aALEPH _b10 _c20130110 _lUCH01 _h1205 |
||
| 590 |
_aBATCH-UPD _b10 _c20130110 _lUCH01 _h0944 |
||
| 590 |
_aBATCH-UPD _b10 _c20130410 _lUCH01 _h0600 |
||
| 590 |
_aBATCH-UPD _b10 _c20130913 _lUCH01 _h1925 |
||
| 590 |
_aCONVERSION _b10 _c20130109 _lUCH01 _h1302 |
||
| 650 | 1 | 4 |
_aAculturación. _9798 |
| 650 | 1 | 4 |
_aEtnobotánica _zOaxaca. _938648 |
| 901 | _aBK | ||
| 942 | _cTESIS | ||
| 949 |
_bBC _cTES _d-10117 _eTS1 _h22670 _i661 _si |
||
| 999 |
_c513 _d513 |
||